MARC details
| 000 -LEADER |
| campo de control de longitud fija |
01623cam a2200457 a 4500 |
| 001 - NÚMERO DE CONTROL |
| campo de control |
40866 |
| 005 - FECHA Y HORA DE LA ÚLTIMA TRANSACCIÓN |
| campo de control |
20230410101711.0 |
| 008 - DATOS DE LONGITUD FIJA--INFORMACIÓN GENERAL |
| campo de control de longitud fija |
000421s2000 fr a b 000 0 fre c |
| 010 ## - NÚMERO DE CONTROL DE LA BIBLIOTECA DEL CONGRESO |
| Número de control de LC |
00697556 |
| 035 ## - NÚMERO DE CONTROL DEL SISTEMA |
| Número de control de sistema |
(OCoLC)ocm44088620 |
| 040 ## - FUENTE DE CATALOGACIÓN |
| Centro catalogador/agencia de origen |
TZT |
| Centro/agencia transcriptor |
TZT |
| Centro/agencia modificador |
DLC |
| -- |
CGU |
| -- |
LVB |
| 020 ## - NÚMERO INTERNACIONAL ESTÁNDAR DEL LIBRO |
| Número Internacional Estándar del Libro |
2842301021 |
| 020 ## - NÚMERO INTERNACIONAL ESTÁNDAR DEL LIBRO |
| Número Internacional Estándar del Libro |
9782842301026 |
| 029 1# - OTRO NÚMERO DE CONTROL DE SISTEMA (OCLC) |
| Identificador de la biblioteca OCLC |
TZT |
| Número de control de sistema |
JTL00046997 |
| 035 ## - NÚMERO DE CONTROL DEL SISTEMA |
| Número de control de sistema |
(OCoLC)44088620 |
| 042 ## - CÓDIGO DE AUTENTICACIÓN |
| Código de autenticación |
pcc |
| 043 ## - CÓDIGO DE ÁREA GEOGRÁFICA |
| Código de área geográfica |
nwht--- |
| -- |
fw----- |
| 050 14 - SIGNATURA TOPOGRÁFICA DE LA BIBLIOTECA DEL CONGRESO |
| Número de clasificación |
110 N 6606.5 |
| Número de ítem |
H153 2000 |
| 082 00 - NÚMERO DE LA CLASIFICACIÓN DECIMAL DEWEY |
| Número de clasificación |
709/.7294/07444361 |
| Número de edición |
21 |
| 245 00 - MENCIÓN DEL TÍTULO |
| Título |
Haiti : |
| Resto del título |
anges et démons. |
| 246 3# - FORMA VARIANTE DEL TITULO |
| Título propio/Titulo breve |
Haiti, anges et dèemons |
| 260 ## - PUBLICACIÓN, DISTRIBUCIÓN, ETC. |
| Lugar de publicación, distribución, etc. |
Paris : |
| Nombre del editor, distribuidor, etc. |
Hoébeke : |
| -- |
Halle Saint-Pierre, |
| Fecha de publicación, distribución, etc. |
2000. |
| 300 ## - DESCRIPCIÓN FÍSICA |
| Extensión |
154 p. : |
| Otras características físicas |
col. ill. ; |
| Dimensiones |
33 cm. |
| 500 ## - NOTA GENERAL |
| Nota general |
Published on the occasion of the exhibition of the same name held at La Halle Saint-Pierre, Paris, spring 2000. |
| 504 ## - NOTA DE BIBLIOGRAFÍA, ETC. |
| Nota de bibliografía, etc. |
Includes bibliographical references (p. 157-[158]). |
| 650 #0 - PUNTO DE ACCESO ADICIONAL DE MATERIA--TÉRMINO DE MATERIA |
| Término de materia o nombre geográfico como elemento de entrada |
Art, Haitian |
| Subdivisión cronológica |
20th century |
| Subdivisión de forma |
Exhibitions. |
| 650 #0 - PUNTO DE ACCESO ADICIONAL DE MATERIA--TÉRMINO DE MATERIA |
| Término de materia o nombre geográfico como elemento de entrada |
Primitivism in art |
| Subdivisión geográfica |
Haiti |
| Subdivisión de forma |
Exhibitions. |
| 650 #0 - PUNTO DE ACCESO ADICIONAL DE MATERIA--TÉRMINO DE MATERIA |
| Término de materia o nombre geográfico como elemento de entrada |
Voodooism in art |
| Subdivisión de forma |
Exhibitions. |
| 650 #0 - PUNTO DE ACCESO ADICIONAL DE MATERIA--TÉRMINO DE MATERIA |
| Término de materia o nombre geográfico como elemento de entrada |
Art, West African |
| Subdivisión general |
Influence |
| Subdivisión de forma |
Exhibitions. |
| 653 ## - TÉRMINO DE INDIZACIÓN--NO CONTROLADO |
| Término no controlado |
Haitian Art |
| -- |
20th Century |
| 650 #4 - PUNTO DE ACCESO ADICIONAL DE MATERIA--TÉRMINO DE MATERIA |
| Término de materia o nombre geográfico como elemento de entrada |
CEH |
| 650 #4 - PUNTO DE ACCESO ADICIONAL DE MATERIA--TÉRMINO DE MATERIA |
| Término de materia o nombre geográfico como elemento de entrada |
Colección Estudios Haitianos |
| 650 #6 - PUNTO DE ACCESO ADICIONAL DE MATERIA--TÉRMINO DE MATERIA |
| Término de materia o nombre geográfico como elemento de entrada |
Art Haitien |
| Subdivisión cronológica |
20e siécle |
| Subdivisión de forma |
Expositions. |
| 650 #6 - PUNTO DE ACCESO ADICIONAL DE MATERIA--TÉRMINO DE MATERIA |
| Término de materia o nombre geográfico como elemento de entrada |
Primitivisme dans l'art |
| Subdivisión geográfica |
Haíti |
| Subdivisión de forma |
Expositions. |
| 650 #6 - PUNTO DE ACCESO ADICIONAL DE MATERIA--TÉRMINO DE MATERIA |
| Término de materia o nombre geográfico como elemento de entrada |
Vaudou dans l'art |
| Subdivisión de forma |
Expositions. |
| 650 #6 - PUNTO DE ACCESO ADICIONAL DE MATERIA--TÉRMINO DE MATERIA |
| Término de materia o nombre geográfico como elemento de entrada |
Art ouest-africain |
| Subdivisión general |
Influence |
| Subdivisión de forma |
Expositions. |
| 710 2# - ENTRADA AGREGADA--NOMBRE DE ENTIDAD CORPORATIVA |
| Nombre de entidad corporativa o nombre de jurisdicción como elemento de entrada |
Halle Saint-Pierre (Museum) |
| 938 ## - |
| -- |
Jean Touzot Libraire Editeur |
| -- |
TOUZ |
| -- |
JTL00046997 |
| -- |
250 FRF |
| 942 ## - ELEMENTOS DE ENTRADA SECUNDARIOS (KOHA) |
| Fuente del sistema de clasificación o colocación |
Clasificación de Library of Congress |
| Tipo de ítem Koha |
|
| 994 ## - |
| -- |
C0 |
| -- |
DRFGD |